000 00932cam a22002651a 4500
001 he 68000215
003 DLC
005 20260227111452.0
008 850515m19011934pl 000 0 heb
010 _ahe 68000215
035 _a(OCoLC)19177088
040 _aDLC
_cMH
_dTxU
_dDLC
042 _apremarc
050 0 0 _aBM522.39
_b.R35 1901
100 1 _aGraubart, Judah Loeb,
_d1862?-1937.
245 1 0 _aSefer Ḥavalim ba-neʻimim :
_bdivre Yehudah, ʻal kelale shitot ha-Shas ve-ezeh sheʼelot ve-teshuvot ...
_c[me-et] Yehudah Leb, ho. p. k. Makavi.
260 _aPietrkov :
_bSh. Fainski,
_c1901-34.
300 _a4 v. ;
_c35 cm.
500 _aVol. 2 published in Warsaw; v. 3-4 have imprint: Lodz, Masorah.
500 _aVols. 2-4 have subtitle: Sheelot ve-teshuvot be-arbaah helke Shulhan arukh.
650 0 _aResponsa
_y1800-1948.
630 0 0 _aTalmud.
740 0 _aḤavalim ba-neʻimim.
752 _aPoland
_dWarsaw
999 _c32852
_d32852